[Event "Mitropa Cup 32nd"]
[Site "Meissen"]
[Date "2013.06.03"]
[Round "3.1"]
[White "Bluebaum, Matthias"]
[Black "Jankovic, Alojzije"]
[Result "1/2-1/2"]
[WhiteElo "2521"]
[BlackElo "2559"]
[PlyCount "68"]
[EventDate "2013.06.01"]
[EventType "team-tourn"]
[EventRounds "9"]
[EventCountry "GER"]
[Source "ChessBase"]
[SourceDate "2013.06.25"]
[WhiteTeam "Germany"]
[BlackTeam "Croatia"]
[WhiteTeamCountry "GER"]
[BlackTeamCountry "CRO"]

1. d4 Nf6 2. c4 g6 3. Nc3 Bg7 4. e4 d6 5. Nf3 O-O 6. Be2 e5 7. Be3 exd4 8. Nxd4
Re8 9. f3 c6 10. Bf2 d5 11. exd5 cxd5 12. O-O Nc6 13. c5 Nh5 14. Qd2 Be5 15.
Rfe1 Bf4 16. Qd1 Qg5 17. Bf1 Bd7 18. h4 Qd8 19. Rxe8+ Bxe8 20. Nde2 Be5 21.
Qxd5 Qe7 22. Re1 Bd7 23. f4 Bg7 24. Qf3 Re8 25. Ng3 Qxh4 26. Rxe8+ Bxe8 27.
Nxh5 Qxh5 28. Qxh5 gxh5 29. Ne4 Bxb2 30. Nd6 Kf8 31. Nxb7 Bc1 32. f5 Bd7 33.
Nd6 Bf4 34. Be2 Ke7 1/2-1/2

[Event "Mitropa Cup 32nd"]
[Site "Meissen"]
[Date "2013.06.03"]
[Round "3.1"]
[White "Donchenko, Alexander"]
[Black "Doric, Darko"]
[Result "1-0"]
[WhiteElo "2465"]
[BlackElo "2509"]
[PlyCount "99"]
[EventDate "2013.06.01"]
[EventType "team-tourn"]
[EventRounds "9"]
[EventCountry "GER"]
[Source "ChessBase"]
[SourceDate "2013.06.25"]
[WhiteTeam "Germany"]
[BlackTeam "Croatia"]
[WhiteTeamCountry "GER"]
[BlackTeamCountry "CRO"]

1. c4 e5 2. g3 Nc6 3. Nc3 g6 4. Bg2 Bg7 5. e4 d6 6. Nge2 f5 7. d3 Nf6 8. O-O
O-O 9. Nd5 Be6 10. Bg5 Qd7 11. Qd2 Rae8 12. b4 Nh5 13. b5 Nd8 14. exf5 Bxf5 15.
Bxd8 Rxd8 16. Nb4 Rb8 17. Qe3 a6 18. bxa6 c5 19. Nd5 bxa6 20. Rab1 Nf6 21. Nec3
Nxd5 22. Bxd5+ Kh8 23. Be4 Bh3 24. Rfd1 Qc7 25. Qd2 Qa5 26. Rb2 Be6 27. a3 Rxb2
28. Qxb2 Bh6 29. Rb1 Qd8 30. Qe2 Qa5 31. Rb3 Bc1 32. a4 Kg7 33. h4 h5 34. Bd5
Bc8 35. Qc2 Bh6 36. Rb1 g5 37. hxg5 Bxg5 38. Kg2 h4 39. Ne4 h3+ 40. Kh2 Be7 41.
Qd1 Kg6 42. Rb2 Rh8 43. Rb7 Qd8 44. Ra7 Rf8 45. Qe2 Kh6 46. Qe3+ Kg6 47. Nc3
Bf5 48. Rxa6 Bg5 49. Qxe5 Rf6 50. Qe2 1-0

[Event "Mitropa Cup 32nd"]
[Site "Meissen"]
[Date "2013.06.03"]
[Round "3.1"]
[White "Saric, Ante"]
[Black "Wagner, Dennis"]
[Result "1-0"]
[WhiteElo "2551"]
[BlackElo "2461"]
[PlyCount "127"]
[EventDate "2013.06.01"]
[EventType "team-tourn"]
[EventRounds "9"]
[EventCountry "GER"]
[Source "ChessBase"]
[SourceDate "2013.06.25"]
[WhiteTeam "Croatia"]
[BlackTeam "Germany"]
[WhiteTeamCountry "CRO"]
[BlackTeamCountry "GER"]

1. c4 g6 2. e4 e5 3. d4 Nf6 4. Nf3 exd4 5. e5 Ne4 6. Qxd4 Bb4+ 7. Nbd2 Nxd2 8.
Bxd2 Nc6 9. Qf4 Bxd2+ 10. Qxd2 O-O 11. O-O-O Qe7 12. Re1 d6 13. exd6 Qxd6 14.
Qxd6 cxd6 15. b3 Bf5 16. Rd1 Rad8 17. Bd3 Bxd3 18. Rxd3 Rfe8 19. Rhd1 Re2 20.
R1d2 Rxd2 21. Rxd2 f6 22. Kb2 Kf7 23. Kc3 Ke7 24. Nd4 Nxd4 25. Kxd4 Kd7 26. Re2
Rc8 27. b4 a5 28. bxa5 Ra8 29. Rb2 Kc7 30. Rb5 Re8 31. c5 dxc5+ 32. Rxc5+ Kd6
33. Rb5 Kc7 34. Rb6 f5 35. Rb2 Re4+ 36. Kd5 Ra4 37. Ke6 Rxa5 38. Rd2 Ra6+ 39.
Kf7 b5 40. Kg7 Kc6 41. Kxh7 Kc5 42. f4 Kc4 43. Kh6 Kc3 44. Rf2 b4 45. Kg5 Kd3
46. h3 Rc6 47. Rf3+ Kc4 48. g4 fxg4 49. hxg4 Ra6 50. Rf2 Kd5 51. Re2 Rc6 52. f5
gxf5 53. gxf5 Rc1 54. f6 Rg1+ 55. Kh6 Rf1 56. Kg7 Kd6 57. f7 Rg1+ 58. Kf8 Kd7
59. Re4 Rg2 60. Rd4+ Kc6 61. Ke7 Re2+ 62. Kf6 Rf2+ 63. Ke6 Kc7 64. Rxb4 1-0

[Event "Mitropa Cup 32nd"]
[Site "Meissen"]
[Date "2013.06.03"]
[Round "3.2"]
[White "Krejci, Jan2"]
[Black "Markoja, Boris"]
[Result "1/2-1/2"]
[WhiteElo "2503"]
[BlackElo "2148"]
[PlyCount "73"]
[EventDate "2013.06.01"]
[EventType "team-tourn"]
[EventRounds "9"]
[EventCountry "GER"]
[Source "ChessBase"]
[SourceDate "2013.06.25"]
[WhiteTeam "Czechia"]
[BlackTeam "Slovenia"]
[WhiteTeamCountry "CZE"]
[BlackTeamCountry "SLO"]

1. d4 g6 2. e4 Bg7 3. Nc3 c6 4. Nf3 d5 5. h3 Nh6 6. Bd3 O-O 7. O-O f6 8. Re1
Nf7 9. Bf4 e6 10. exd5 exd5 11. Qd2 Nd7 12. Na4 Nb6 13. Nc5 Nc4 14. Bxc4 dxc4
15. a4 Qd5 16. Ra3 b6 17. Ne4 g5 18. Bg3 Bf5 19. Rae3 Bxe4 20. Rxe4 f5 21. Re7
f4 22. Bh2 c5 23. dxc5 Qxd2 24. Nxd2 c3 25. bxc3 Bxc3 26. R1e2 Rad8 27. Nf1
bxc5 28. g3 f3 29. R2e3 Bd4 30. Rxf3 Ne5 31. Rxf8+ Rxf8 32. c3 Bxc3 33. g4 Nf3+
34. Kg2 Nh4+ 35. Kg1 Nf3+ 36. Kg2 Nh4+ 37. Kg1 1/2-1/2

[Event "Mitropa Cup 32nd"]
[Site "Meissen"]
[Date "2013.06.03"]
[Round "3.2"]
[White "Skoberne, Jure"]
[Black "Kislinsky, Alexey"]
[Result "1-0"]
[WhiteElo "2558"]
[BlackElo "2565"]
[PlyCount "83"]
[EventDate "2013.06.01"]
[EventType "team-tourn"]
[EventRounds "9"]
[EventCountry "GER"]
[Source "ChessBase"]
[SourceDate "2013.06.25"]
[WhiteTeam "Slovenia"]
[BlackTeam "Czechia"]
[WhiteTeamCountry "SLO"]
[BlackTeamCountry "CZE"]

1. d4 Nf6 2. c4 g6 3. Nf3 Bg7 4. g3 O-O 5. Bg2 d6 6. O-O Nc6 7. Nc3 Bf5 8. Ne1
Na5 9. e4 Bg4 10. Qd3 c5 11. d5 a6 12. Nc2 Bd7 13. Rb1 Ng4 14. f4 f5 15. h3 Nh6
16. b3 b5 17. exf5 Nxf5 18. Bd2 Nd4 19. Nxd4 cxd4 20. Ne4 Rc8 21. Rfc1 Nb7 22.
cxb5 Bxb5 23. Qf3 Nc5 24. Ng5 Bd7 25. g4 h6 26. Ne4 Qe8 27. b4 Na4 28. Rxc8
Qxc8 29. Rc1 Qb7 30. Qb3 Rc8 31. Rc6 Nc3 32. Nxc3 dxc3 33. Bxc3 Qa7+ 34. Kh1
Bxc6 35. dxc6+ Kh8 36. Qe6 Rf8 37. Qxg6 e5 38. Be4 Kg8 39. Bd5+ Kh8 40. Be4 Kg8
41. Qh7+ Kf7 42. Bd5+ 1-0

[Event "Mitropa Cup 32nd"]
[Site "Meissen"]
[Date "2013.06.03"]
[Round "3.2"]
[White "Stajner, Samo"]
[Black "Rasik, Vitezslav"]
[Result "1-0"]
[WhiteElo "2321"]
[BlackElo "2483"]
[PlyCount "127"]
[EventDate "2013.06.01"]
[EventType "team-tourn"]
[EventRounds "9"]
[EventCountry "GER"]
[Source "ChessBase"]
[SourceDate "2013.06.25"]
[WhiteTeam "Slovenia"]
[BlackTeam "Czechia"]
[WhiteTeamCountry "SLO"]
[BlackTeamCountry "CZE"]

1. Nf3 Nf6 2. d4 g6 3. c4 Bg7 4. Nc3 O-O 5. e4 d6 6. h3 e5 7. d5 Nh5 8. Nh2 Na6
9. g3 Nc5 10. b4 Na6 11. Be2 f5 12. Bxh5 gxh5 13. Rb1 Qe8 14. Nf3 fxe4 15. Nxe4
Bf5 16. Qe2 Rb8 17. Nh4 Bxe4 18. Qxe4 b5 19. O-O bxc4 20. a3 Qb5 21. Be3 c6 22.
Nf5 cxd5 23. Ne7+ Kh8 24. Nxd5 Qc6 25. Rbc1 Nc7 26. Rfd1 Nxd5 27. Qxd5 Qxd5 28.
Rxd5 Rbc8 29. Rxd6 c3 30. Bxa7 Rc4 31. Bc5 e4 32. Rc2 Kg8 33. a4 Ra8 34. a5 Bf8
35. Rd5 Rc8 36. Rg5+ Bg7 37. a6 h4 38. a7 hxg3 39. Rxg3 Ra8 40. Rg4 Kf7 41. f3
Bd4+ 42. Bxd4 Rxd4 43. Rxe4 Rxe4 44. fxe4 Rxa7 45. Rxc3 Ra1+ 46. Kf2 Rb1 47.
Rc7+ Kf6 48. Rxh7 Rxb4 49. Ke3 Rb1 50. Rh6+ Kg5 51. Rc6 Rb3+ 52. Kd4 Rxh3 53.
e5 Ra3 54. Kd5 Ra5+ 55. Ke6 Kg6 56. Kd7+ Kf5 57. e6 Ra7+ 58. Ke8 Kf6 59. e7+
Kg7 60. Re6 Kg8 61. Kd8 Ra8+ 62. Kd7 Ra7+ 63. Kd6 Ra6+ 64. Ke5 1-0

[Event "Mitropa Cup 32nd"]
[Site "Meissen"]
[Date "2013.06.03"]
[Round "3.2"]
[White "Zilka, Stepan"]
[Black "Borisek, Jure"]
[Result "1/2-1/2"]
[WhiteElo "2532"]
[BlackElo "2552"]
[PlyCount "66"]
[EventDate "2013.06.01"]
[EventType "team-tourn"]
[EventRounds "9"]
[EventCountry "GER"]
[Source "ChessBase"]
[SourceDate "2013.06.25"]
[WhiteTeam "Czechia"]
[BlackTeam "Slovenia"]
[WhiteTeamCountry "CZE"]
[BlackTeamCountry "SLO"]

1. d4 Nf6 2. c4 g6 3. Nf3 Bg7 4. g3 O-O 5. Bg2 c6 6. O-O d5 7. cxd5 cxd5 8. Ne5
e6 9. Nc3 Nfd7 10. f4 Nc6 11. Be3 Ndxe5 12. fxe5 f6 13. exf6 Rxf6 14. Qd2 Bd7
15. Rxf6 Qxf6 16. Rf1 Qe7 17. Kh1 Rf8 18. Rxf8+ Qxf8 19. Bg1 Qf6 20. e3 Kh8 21.
Qd1 Qe7 22. a3 Nd8 23. Qb3 Bc6 24. Na2 Qd7 25. Nb4 Bb5 26. Nd3 b6 27. Ne5 Bxe5
28. dxe5 Kg8 29. Bf2 Nf7 30. Qc3 Ng5 31. h4 Ne4 32. Bxe4 dxe4 33. Qd4 Qxd4
1/2-1/2

[Event "Mitropa Cup 32nd"]
[Site "Meissen"]
[Date "2013.06.03"]
[Round "3.3"]
[White "Czebe, Attila"]
[Black "Petenyi, Tamas"]
[Result "0-1"]
[WhiteElo "2488"]
[BlackElo "2466"]
[PlyCount "88"]
[EventDate "2013.06.01"]
[EventType "team-tourn"]
[EventRounds "9"]
[EventCountry "GER"]
[Source "ChessBase"]
[SourceDate "2013.06.25"]
[WhiteTeam "Hungary"]
[BlackTeam "Slovakia"]
[WhiteTeamCountry "HUN"]
[BlackTeamCountry "SVK"]

1. d4 Nf6 2. c4 c5 3. Nf3 g6 4. Nc3 Bg7 5. e4 cxd4 6. Nxd4 O-O 7. Be2 d6 8. Be3
a6 9. f3 b6 10. O-O Bb7 11. Qd2 Nbd7 12. Rac1 Rc8 13. Rfd1 e6 14. b4 Ne5 15.
Na4 d5 16. exd5 exd5 17. c5 b5 18. Nb6 Rc7 19. a4 bxa4 20. b5 axb5 21. Nxb5 Re7
22. Nd6 Bc6 23. Bg5 Ned7 24. Ndc8 Re6 25. Bf1 Nxb6 26. Nxb6 Qc7 27. g3 Rfe8 28.
Bh3 Re2 29. Qd3 Qe5 30. Bf1 Rb2 31. Bf4 Qh5 32. g4 Qh4 33. Rd2 Nh5 34. Be3 Rb3
35. Qc2 Rbxe3 36. gxh5 Rc3 37. Qxc3 Bxc3 38. Rxc3 Re1 39. f4 Qxf4 40. Rf2 Rxf1+
41. Kxf1 Qb4 42. Rc1 a3 43. Kg1 Qg4+ 44. Rg2 Qd4+ 0-1

[Event "Mitropa Cup 32nd"]
[Site "Meissen"]
[Date "2013.06.03"]
[Round "3.3"]
[White "Horvath, Adam"]
[Black "Michalik, Peter"]
[Result "0-1"]
[WhiteElo "2532"]
[BlackElo "2565"]
[PlyCount "90"]
[EventDate "2013.06.01"]
[EventType "team-tourn"]
[EventRounds "9"]
[EventCountry "GER"]
[Source "ChessBase"]
[SourceDate "2013.06.25"]
[WhiteTeam "Hungary"]
[BlackTeam "Slovakia"]
[WhiteTeamCountry "HUN"]
[BlackTeamCountry "SVK"]

1. e4 c6 2. d4 d5 3. Nc3 dxe4 4. Nxe4 Bf5 5. Ng3 Bg6 6. h4 h6 7. Nf3 Nd7 8. h5
Bh7 9. Bd3 Bxd3 10. Qxd3 e6 11. Bd2 Ngf6 12. O-O-O Be7 13. Ne4 Nxe4 14. Qxe4
Nf6 15. Qd3 O-O 16. g4 Nxg4 17. Rhg1 Nxf2 18. Qe2 Nxd1 19. Bxh6 Bf6 20. Bxg7
Bxg7 21. h6 Qf6 22. hxg7 Qh6+ 23. Kb1 Rfd8 24. Rxd1 Rd5 25. Ne5 Rad8 26. a3
Rxd4 27. Rg1 f5 28. Ng6 Rd1+ 29. Rxd1 Rxd1+ 30. Qxd1 Qxg6 31. Qd8+ Kxg7 32.
Qe7+ Qf7 33. Qg5+ Kh7 34. Qh4+ Kg6 35. Qg3+ Kf6 36. Qh4+ Ke5 37. Qh8+ Qf6 38.
Qb8+ Ke4 39. Qxb7 f4 40. Qxc6+ Ke3 41. Qh1 f3 42. Qe1+ Kf4 43. c4 Qd4 44. Qh4+
Ke5 45. Qg5+ Ke4 0-1

[Event "Mitropa Cup 32nd"]
[Site "Meissen"]
[Date "2013.06.03"]
[Round "3.3"]
[White "Pacher, Milan"]
[Black "Horvath, Jozsef"]
[Result "0-1"]
[WhiteElo "2464"]
[BlackElo "2518"]
[PlyCount "88"]
[EventDate "2013.06.01"]
[EventType "team-tourn"]
[EventRounds "9"]
[EventCountry "GER"]
[Source "ChessBase"]
[SourceDate "2013.06.25"]
[WhiteTeam "Slovakia"]
[BlackTeam "Hungary"]
[WhiteTeamCountry "SVK"]
[BlackTeamCountry "HUN"]

1. e4 c5 2. Nf3 Nc6 3. d4 cxd4 4. Nxd4 Qb6 5. Nb3 Nf6 6. Nc3 e6 7. Bd3 Be7 8.
O-O O-O 9. Qe2 d6 10. Bg5 Bd7 11. Kh1 a6 12. f4 Ne8 13. Nd5 exd5 14. exd5 Bxg5
15. dxc6 Bxc6 16. fxg5 g6 17. c3 Ng7 18. Nd4 Rae8 19. Qf2 Ne6 20. Rae1 Bd5 21.
Nxe6 Qxf2 22. Rxf2 Bxa2 23. h4 fxe6 24. Kg1 Rxf2 25. Kxf2 Bd5 26. g3 Rf8+ 27.
Ke2 e5 28. Rf1 Rxf1 29. Kxf1 a5 30. Kf2 Kf7 31. Ke3 Be6 32. Bb5 Ke7 33. Ba4 d5
34. Bc2 Bg4 35. Ba4 b6 36. Bc6 Kd6 37. Be8 Ke7 38. Bc6 Kd6 39. Be8 Bd7 40. Bf7
Be6 41. Be8 Kc5 42. h5 gxh5 43. Bxh5 Kc4 44. Bd1 Bf5 0-1

[Event "Mitropa Cup 32nd"]
[Site "Meissen"]
[Date "2013.06.03"]
[Round "3.3"]
[White "Repka, Christopher"]
[Black "Varga, Zoltan"]
[Result "1/2-1/2"]
[WhiteElo "2358"]
[BlackElo "2447"]
[PlyCount "103"]
[EventDate "2013.06.01"]
[EventType "team-tourn"]
[EventRounds "9"]
[EventCountry "GER"]
[Source "ChessBase"]
[SourceDate "2013.06.25"]
[WhiteTeam "Slovakia"]
[BlackTeam "Hungary"]
[WhiteTeamCountry "SVK"]
[BlackTeamCountry "HUN"]

1. Nf3 d5 2. e3 c6 3. b3 Bg4 4. Bb2 Nd7 5. d4 e6 6. Nbd2 Ngf6 7. h3 Bh5 8. Bd3
a5 9. O-O Be7 10. c4 O-O 11. Qc2 Bg6 12. Bxg6 hxg6 13. a3 Qb8 14. a4 Rc8 15.
Rfc1 b6 16. cxd5 cxd5 17. Qxc8+ Qxc8 18. Rxc8+ Rxc8 19. Ba3 Bxa3 20. Rxa3 Rc1+
21. Kh2 Nb8 22. Ra2 Nc6 23. Rb2 Nb4 24. Rb1 Rxb1 25. Nxb1 Nd3 26. Kg1 Ne4 27.
Ne5 Nexf2 28. Nd7 Ne4 29. Nxb6 Kf8 30. Kf1 Ng3+ 31. Kg1 Ne4 32. Kf1 Ke8 33. Ke2
Nc1+ 34. Kd1 Nxb3 35. Kc2 Nxd4+ 36. exd4 Kd8 37. Na3 Kc7 38. Nbc4 dxc4 39. Nxc4
Nd6 40. Nxa5 Kb6 41. Nb3 Nc4 42. Kc3 Ne3 43. g3 g5 44. Nc5 g4 45. hxg4 Nxg4 46.
Kb4 Nf6 47. a5+ Kc6 48. Nd3 Nd5+ 49. Kc4 Ne3+ 50. Kb4 Nd5+ 51. Kc4 Ne3+ 52. Kb4
1/2-1/2

[Event "Mitropa Cup 32nd"]
[Site "Meissen"]
[Date "2013.06.04"]
[Round "4.1"]
[White "Diermair, Andreas"]
[Black "Saric, Ante"]
[Result "0-1"]
[WhiteElo "2428"]
[BlackElo "2551"]
[PlyCount "72"]
[EventDate "2013.06.01"]
[EventType "team-tourn"]
[EventRounds "9"]
[EventCountry "GER"]
[Source "ChessBase"]
[SourceDate "2013.06.25"]
[WhiteTeam "Austria"]
[BlackTeam "Croatia"]
[WhiteTeamCountry "AUT"]
[BlackTeamCountry "CRO"]

1. d4 Nf6 2. c4 e6 3. Nc3 Bb4 4. e3 O-O 5. Bd3 d5 6. Nf3 dxc4 7. Bxc4 c5 8. O-O
cxd4 9. exd4 a6 10. Bg5 b5 11. Bd3 Bb7 12. Qe2 Be7 13. Rad1 b4 14. Ne4 Nbd7 15.
Ng3 Bxf3 16. Qxf3 Qa5 17. d5 Ne5 18. Qe2 Nxd3 19. Rxd3 Rfd8 20. Bxf6 Bxf6 21.
dxe6 Qxa2 22. exf7+ Kxf7 23. Ne4 Rxd3 24. Qxd3 Rd8 25. Nd6+ Kf8 26. Re1 Be7 27.
Qf3+ Kg8 28. Nf5 Bf8 29. Qg3 Qe6 30. Ne3 Rd2 31. h3 Rxb2 32. Rd1 h5 33. Rd8 Qf6
34. Re8 h4 35. Qb8 Qxf2+ 36. Kh2 Rb1 0-1

[Event "Mitropa Cup 32nd"]
[Site "Meissen"]
[Date "2013.06.04"]
[Round "4.1"]
[White "Doric, Darko"]
[Black "Schachinger, Mario"]
[Result "1-0"]
[WhiteElo "2509"]
[BlackElo "2412"]
[PlyCount "103"]
[EventDate "2013.06.01"]
[EventType "team-tourn"]
[EventRounds "9"]
[EventCountry "GER"]
[Source "ChessBase"]
[SourceDate "2013.06.25"]
[WhiteTeam "Croatia"]
[BlackTeam "Austria"]
[WhiteTeamCountry "CRO"]
[BlackTeamCountry "AUT"]

1. d4 Nf6 2. c3 d5 3. Bf4 c6 4. Nd2 Bf5 5. Ngf3 e6 6. Qb3 Qb6 7. Nh4 Nbd7 8.
Nxf5 exf5 9. h3 Be7 10. e3 O-O 11. Be2 Rfe8 12. g4 fxg4 13. hxg4 Qxb3 14. axb3
Nf8 15. b4 a6 16. Nb3 Ne6 17. Bh2 Rad8 18. Nc5 Nxc5 19. bxc5 Ne4 20. Bd3 g6 21.
Ke2 Bg5 22. Bg1 Rd7 23. Rh3 Bd8 24. f3 Ng5 25. Rh1 Bc7 26. Rf1 Rde7 27. Kd2 Kg7
28. Kc2 f6 29. c4 dxc4 30. Bxc4 f5 31. gxf5 gxf5 32. Bd3 Rf7 33. b4 h6 34. Be2
Rfe7 35. Kd3 Ne6 36. Rf2 Rd7 37. Rg2+ Kh7 38. Kc4 Rg7 39. Rxg7+ Kxg7 40. Bd3
Rf8 41. e4 fxe4 42. fxe4 Rf3 43. d5 cxd5+ 44. exd5 Rf4+ 45. Kb3 Nd4+ 46. Ka4
Nf3 47. d6 Bd8 48. Be3 Rf6 49. Be4 Re6 50. Bxh6+ Rxh6 51. Rxh6 Kxh6 52. Bxf3
1-0

[Event "Mitropa Cup 32nd"]
[Site "Meissen"]
[Date "2013.06.04"]
[Round "4.1"]
[White "Jankovic, Alojzije"]
[Black "Schreiner, Peter"]
[Result "1/2-1/2"]
[WhiteElo "2559"]
[BlackElo "2456"]
[PlyCount "114"]
[EventDate "2013.06.01"]
[EventType "team-tourn"]
[EventRounds "9"]
[EventCountry "GER"]
[Source "ChessBase"]
[SourceDate "2013.06.25"]
[WhiteTeam "Croatia"]
[BlackTeam "Austria"]
[WhiteTeamCountry "CRO"]
[BlackTeamCountry "AUT"]

1. d4 Nf6 2. c4 g6 3. Nc3 d5 4. Bf4 Bg7 5. e3 O-O 6. Rc1 Be6 7. Qb3 c5 8. Qxb7
Qb6 9. Qxb6 axb6 10. Nf3 dxc4 11. dxc5 Nd5 12. cxb6 Bxc3+ 13. bxc3 Nxf4 14.
exf4 Nd7 15. Nd4 Bd5 16. Rc2 Rfb8 17. f3 Rxb6 18. Kd2 Rb1 19. g3 Ra1 20. Bg2
R1xa2 21. Rhc1 Nc5 22. Rxa2 Rxa2+ 23. Rc2 Ra1 24. Ke3 e6 25. Re2 Kg7 26. Nc2
Rc1 27. Nb4 Nb3 28. Rc2 Rd1 29. Ke2 Ra1 30. Kf2 Nc5 31. Bf1 Bxf3 32. Bxc4 Be4
33. Ra2 Rc1 34. Ke3 Bf5 35. Kd4 Ne4 36. Ra3 Nd2 37. Be2 Re1 38. g4 Rxe2 39.
gxf5 exf5 40. Nd5 Rxh2 41. c4 Ne4 42. Nb4 Rd2+ 43. Ke3 h5 44. c5 Rb2 45. Nd3
Rc2 46. Ra7 h4 47. Ne5 h3 48. c6 Nd6 49. Ra1 f6 50. Kd3 Rc5 51. Ra7+ Kh6 52.
Nd7 Rd5+ 53. Ke2 Nb5 54. Rb7 Nd6 55. Nxf6 Nxb7 56. Nxd5 Nd6 57. Kf3 Kg7 1/2-1/2

[Event "Mitropa Cup 32nd"]
[Site "Meissen"]
[Date "2013.06.04"]
[Round "4.5"]
[White "Bluebaum, Matthias"]
[Black "Zilka, Stepan"]
[Result "1-0"]
[WhiteElo "2521"]
[BlackElo "2532"]
[PlyCount "91"]
[EventDate "2013.06.01"]
[EventType "team-tourn"]
[EventRounds "9"]
[EventCountry "GER"]
[Source "ChessBase"]
[SourceDate "2013.06.25"]
[WhiteTeam "Germany"]
[BlackTeam "Czechia"]
[WhiteTeamCountry "GER"]
[BlackTeamCountry "CZE"]

1. d4 Nf6 2. c4 e6 3. Nf3 d5 4. g3 dxc4 5. Bg2 Nc6 6. Qa4 Nd7 7. Qxc4 Nb6 8.
Qd3 e5 9. Nxe5 Nb4 10. Qc3 Qxd4 11. O-O Qxc3 12. Nxc3 f6 13. Nf3 c6 14. a3 N4d5
15. Nxd5 Nxd5 16. Nd4 Bg4 17. Bxd5 cxd5 18. Bd2 Bc5 19. Nb3 Bb6 20. Ba5 Bxa5
21. Nxa5 O-O-O 22. f3 Be6 23. Rac1+ Kb8 24. Nb3 d4 25. Nc5 Bc8 26. Rfd1 Rhe8
27. Kf2 Rd5 28. Rd2 Red8 29. Rc4 b6 30. Nb3 d3 31. e4 R5d6 32. Ke3 Ba6 33. Rd4
Rxd4 34. Nxd4 Rc8 35. b4 Bc4 36. Nf5 Rc7 37. f4 a5 38. bxa5 b5 39. Nd6 Ka7 40.
Kd4 Ka6 41. a4 Rd7 42. Kc5 Rxd6 43. axb5+ Kxa5 44. Kxd6 Kxb5 45. Rb2+ Ka4 46.
Kc5 1-0

[Event "Mitropa Cup 32nd"]
[Site "Meissen"]
[Date "2013.06.04"]
[Round "4.5"]
[White "Donchenko, Alexander"]
[Black "Krejci, Jan2"]
[Result "1/2-1/2"]
[WhiteElo "2465"]
[BlackElo "2503"]
[PlyCount "61"]
[EventDate "2013.06.01"]
[EventType "team-tourn"]
[EventRounds "9"]
[EventCountry "GER"]
[Source "ChessBase"]
[SourceDate "2013.06.25"]
[WhiteTeam "Germany"]
[BlackTeam "Czechia"]
[WhiteTeamCountry "GER"]
[BlackTeamCountry "CZE"]

1. c4 Nf6 2. g3 e5 3. Bg2 c6 4. d4 Bb4+ 5. Bd2 Bxd2+ 6. Qxd2 d6 7. Nc3 O-O 8.
e3 Be6 9. Rd1 Na6 10. b3 Nc7 11. Nge2 Re8 12. O-O Qc8 13. dxe5 dxe5 14. Qd6 Bh3
15. Rd2 Bxg2 16. Kxg2 Rd8 17. Qxd8+ Qxd8 18. Rxd8+ Rxd8 19. Rd1 Rxd1 20. Nxd1
Kf8 21. Nec3 Ke7 22. Kf3 a5 23. Nb2 Na6 24. Nba4 Kd6 25. g4 h6 26. h4 Ke6 27.
g5 hxg5 28. hxg5 Nd7 29. Ne4 f5 30. gxf6 gxf6 31. Ke2 1/2-1/2

[Event "Mitropa Cup 32nd"]
[Site "Meissen"]
[Date "2013.06.04"]
[Round "4.5"]
[White "Kislinsky, Alexey"]
[Black "Fridman, Daniel"]
[Result "1/2-1/2"]
[WhiteElo "2565"]
[BlackElo "2629"]
[PlyCount "56"]
[EventDate "2013.06.01"]
[EventType "team-tourn"]
[EventRounds "9"]
[EventCountry "GER"]
[Source "ChessBase"]
[SourceDate "2013.06.25"]
[WhiteTeam "Czechia"]
[BlackTeam "Germany"]
[WhiteTeamCountry "CZE"]
[BlackTeamCountry "GER"]

1. e4 e6 2. d3 c5 3. g3 Nc6 4. Bg2 g6 5. Nc3 Bg7 6. Be3 d6 7. Qd2 Qa5 8. Nf3
Nf6 9. Bh6 O-O 10. Bxg7 Kxg7 11. O-O Nd4 12. Kh1 Nxf3 13. Bxf3 Bd7 14. Bg2 Bc6
15. f4 Rae8 16. a3 d5 17. e5 Ng8 18. b4 Qb6 19. f5 gxf5 20. g4 fxg4 21. b5 Bd7
22. Rf6 Kh8 23. Qg5 Nxf6 24. Qxf6+ Kg8 25. Qg5+ Kh8 26. Qf6+ Kg8 27. Qg5+ Kh8
28. Qf6+ Kg8 1/2-1/2

[Event "Mitropa Cup 32nd"]
[Site "Meissen"]
[Date "2013.06.04"]
[Round "4.5"]
[White "Rasik, Vitezslav"]
[Black "Wagner, Dennis"]
[Result "1-0"]
[WhiteElo "2483"]
[BlackElo "2461"]
[PlyCount "83"]
[EventDate "2013.06.01"]
[EventType "team-tourn"]
[EventRounds "9"]
[EventCountry "GER"]
[Source "ChessBase"]
[SourceDate "2013.06.25"]
[WhiteTeam "Czechia"]
[BlackTeam "Germany"]
[WhiteTeamCountry "CZE"]
[BlackTeamCountry "GER"]

1. e4 e5 2. Nf3 Nc6 3. Bb5 a6 4. Ba4 Nf6 5. O-O Be7 6. Re1 b5 7. Bb3 d6 8. c3
O-O 9. h3 Nb8 10. d4 Nbd7 11. Nbd2 Bb7 12. Bc2 Re8 13. Nf1 Bf8 14. Ng3 g6 15.
a4 Bg7 16. Bd3 c6 17. Be3 Qc7 18. Qc2 c5 19. d5 c4 20. Bf1 Nc5 21. Nd2 Ncxe4
22. Ndxe4 Nxd5 23. Bc1 Nb6 24. axb5 axb5 25. Rxa8 Rxa8 26. h4 d5 27. Ng5 d4 28.
cxd4 exd4 29. Nf5 d3 30. Bxd3 gxf5 31. Bxf5 h6 32. Nxf7 Qc6 33. Be4 Nd5 34. Rd1
Qe6 35. Nxh6+ Kh8 36. Bf5 Qf6 37. Bg6 Ra1 38. Nf7+ Kg8 39. Ng5 Nb4 40. Bf7+ Kf8
41. Qd2 Qe7 42. Qf4 1-0

[Event "Mitropa Cup 32nd"]
[Site "Meissen"]
[Date "2013.06.04"]
[Round "4.2"]
[White "Bailet, Pierre"]
[Black "Zueger, Beat"]
[Result "1/2-1/2"]
[WhiteElo "2461"]
[BlackElo "2397"]
[PlyCount "102"]
[EventDate "2013.06.01"]
[EventType "team-tourn"]
[EventRounds "9"]
[EventCountry "GER"]
[Source "ChessBase"]
[SourceDate "2013.06.25"]
[WhiteTeam "France"]
[BlackTeam "Switzerland"]
[WhiteTeamCountry "FRA"]
[BlackTeamCountry "SUI"]

1. e4 c5 2. Nf3 e6 3. g3 d5 4. exd5 exd5 5. Bg2 Nf6 6. O-O Be7 7. d4 O-O 8. Nc3
Nc6 9. Bg5 h6 10. Bxf6 Bxf6 11. dxc5 Bxc3 12. bxc3 Qa5 13. Qd2 Qxc5 14. Nd4
Nxd4 15. cxd4 Qd6 16. Rab1 b6 17. c4 Be6 18. Rb5 dxc4 19. Bxa8 Rxa8 20. d5 Bd7
21. Rbb1 Bf5 22. Rb5 Bd7 23. Rb2 Rc8 24. Qd4 Rc5 25. Rc2 b5 26. Rd1 g5 27. a4
a6 28. axb5 axb5 29. Ra2 Rc8 30. Ra7 c3 31. Rc1 b4 32. Rb7 Rb8 33. Rxb8+ Qxb8
34. d6 Qb7 35. g4 Qf3 36. Qe3 Qxg4+ 37. Qg3 Qxg3+ 38. fxg3 Kf8 39. Kf2 Be6 40.
Ke3 b3 41. Rxc3 b2 42. d7 b1=Q 43. d8=Q+ Kg7 44. Qd2 Qg1+ 45. Qf2 Qa1 46. Qd2
Qg1+ 47. Ke4 Qb1+ 48. Rd3 Kg6 49. Ke3 Qg1+ 50. Qf2 Qc1+ 51. Qd2 Kg7 1/2-1/2

[Event "Mitropa Cup 32nd"]
[Site "Meissen"]
[Date "2013.06.04"]
[Round "4.2"]
[White "Ekstroem, Roland"]
[Black "Guidarelli, Laurent"]
[Result "1/2-1/2"]
[WhiteElo "2420"]
[BlackElo "2472"]
[PlyCount "61"]
[EventDate "2013.06.01"]
[EventType "team-tourn"]
[EventRounds "9"]
[EventCountry "GER"]
[Source "ChessBase"]
[SourceDate "2013.06.25"]
[WhiteTeam "Switzerland"]
[BlackTeam "France"]
[WhiteTeamCountry "SUI"]
[BlackTeamCountry "FRA"]

1. d4 e6 2. c4 f5 3. g3 Nf6 4. Bg2 c6 5. Nf3 d5 6. O-O Bd6 7. Nc3 O-O 8. Qc2
Ne4 9. Rb1 Nd7 10. b4 Nxc3 11. Qxc3 b5 12. cxb5 cxb5 13. Qc6 Nb6 14. Qxb5 a5
15. Bf4 Nc4 16. Bxd6 Qxd6 17. bxa5 Rxa5 18. Qb3 Bd7 19. Rfc1 Rfa8 20. Bf1 Be8
21. Qb4 Qd8 22. e3 Ra4 23. Qb7 R4a7 24. Qb4 Ra4 25. Qc3 Bh5 26. Ne5 Nxe5 27.
dxe5 Rxa2 28. Qc6 Qe8 29. Qxe8+ Bxe8 30. Rc7 R2a7 31. Rxa7 1/2-1/2